000 00920cam a2200253 a 4500
005 20260322212022.0
008 data
010 _a 2010020797
020 _a9781584799092 (alk. paper)
040 _aDLC
_cDLC
_dDLC
050 0 0 _aTT896.3
_b.O255 2011
082 0 0 _a745.5
_222
092 _a745.5 Occ 2011
100 1 _aOcchipinti, Lisa.
245 1 4 _aThe repurposed library :
_b33 craft projects that give old books new life /
_cLisa Occhipinti.
260 _aNew York :
_bStewart, Tabori & Chang,
_c2011.
300 _a144 p. :
_bcol. ill. ;
_c26 cm.
500 _a"A Melanie Falick book."
650 0 _aAltered books.
906 _a7
_bcbc
_corignew
_d1
_eecip
_f20
_gy-gencatlg
925 0 _aacquire
_b2 shelf copies
_xpolicy default
955 _wrd13 2010-05-21
_frg06 2011-05-06 to CALM
_trg06 2011-07-08 copy 2-3 to CALM
001 data
999 _c490
_d490